| 000 | 00804nam a2200241Ia 4500 | ||
|---|---|---|---|
| 003 | GCL | ||
| 008 | 140319s9999 xx 000 0 ara d | ||
| 020 | _a8 746 85516 1 | ||
| 040 |
_aGCL / _cGCL |
||
| 082 | 0 | 4 |
_a247 _bل ف |
| 100 | 1 | _aسيف الدين القصير | |
| 245 | 1 | 0 |
_aالفكر الشيعى المبكر : _bتعاليم الامام محمد الباقر / _cسيف الدين القصير |
| 700 | 1 | _aلا لا نى، الرزينة ر 0 | |
| 250 | _aالاولى | ||
| 260 |
_aبيروت : _bدار الساقى ، _c2004 |
||
| 300 |
_a214 ص ؛ _c24 سم |
||
| 650 | 0 | 4 | _aعقائد الشيعة |
| 650 | 0 | 4 | _aفقه الشيعة |
| 650 | 0 | 4 | _aالشيعة |
| 650 | 0 | 4 | _aالامامة عند الشيعة |
| 650 | 0 | 4 | _aالامام محمد الباقر |
| 942 |
_2ddc _cBK |
||
| 999 |
_c9934 _d9934 |
||